le compte est bon : 33 - Statistiques

Statistiques générales
  • Ce quiz a été pris 41 fois
    40 depuis la dernière actualisation
  • Le résultat moyen est 10 sur 20
Statistiques - réponses
33 x .. = % Correct
22 726
78%
9 297
67%
8 264
56%
11 363
56%
13 429
56%
14 462
56%
17 561
56%
18 594
56%
21 693
56%
23 759
56%
26 858
56%
28 924
56%
15 495
44%
25 825
44%
27 891
44%
29 957
44%
12 396
33%
16 528
33%
19 627
33%
24 792
33%
Aucun quiz correspondant
Distribution des résultats
% des personnes avec chaque résultat
Percentile par nombre de réponses
Votre historique - résultats
Vous n’avez pas pris ce quiz depuis la dernière actualisation